| 000 | 01138nam a22002537a 4500 | ||
|---|---|---|---|
| 005 | 20170428095615.0 | ||
| 010 | _a1617EN ENG-116887 | ||
| 020 |
_a9789383848232 _c795.00 |
||
| 035 | _aB-653305-311 | ||
| 035 | _aB-669742 | ||
| 035 | _aEN-100419 | ||
| 037 |
_bABC _adpl |
||
| 082 | _a320.954 | ||
| 245 |
_aContemporary Indian politics : _cedited by Sanjeev Kumar H.M., Prakash S. Desai [and] Subhash Patil _bInternal dynamics and external compulsions : essays in Honour of S.S. Patagundi / |
||
| 260 |
_aNew Delhi _bPinnacle Learning _c2016 |
||
| 270 |
_a24, DDA Shopping Complex Ber Sarai, _bNew Delhi _e110016 |
||
| 300 |
_a308p. _c23cm(pbk) |
||
| 700 | _aSanjeev Kumar | ||
| 700 | _aDesai, Prakash S. | ||
| 700 | _aPatil, Subhash | ||
| 942 |
_2ddc _cEN _mCON _h320.954 |
||
| 999 |
_c102247 _d102247 |
||